00504nam a2200157 i 4500001000300000100002500003245006900028260002100097040000800118041000800126942000700134008004100141999001700182856009800199952004900297bg1 aMACIEJEWICZ, Wacław 0aOrganizacja i planowanie robót wodnych /cWacław Maciejewicz. aWarszawa,c1967. cBPK apol cKS s pl f |000 0 pol  c16539d16539 uhttp://koha.tu.koszalin.pl/cgi-bin/koha/opac-detail.pl?biblionumber=16539yKatalog online BPK 00104070aBPKbBPKcwo20324p01690996yKS